00190nam a2200073Ia 4500082000800000245002300008100004400031008004100075 aFER 0aOp 'n vreemde weg  a FERREIRA, J F. Pretoria, 1994 210817s9999 xx 000 0 und d